000 00324nam a2200133Ia 4500
005 20251222140108.0
008 251222s1900||||xx |||||||||||||| ||spa||
020 _a84-313-0753-6
082 _a111.1/P59
100 _aPinto Cantista, Maria José
245 0 _aSentido y Ser en Merleau-Ponty
264 _bEUNSA
942 _cLIB
999 _c4182
_d4182